Military engineering Vol xiv (Record no. 547069)

000 -LEADER
fixed length control field 00458nam a22001337a 4500
082 ## - DEWEY DECIMAL CLASSIFICATION NUMBER
Classification number 624.18341
Author Mark MIL
-- L-26, P-26
110 ## - MAIN ENTRY--CORPORATE NAME
Corporate name or jurisdiction name as entry element Her Majesty 's Stationary Office
9 (RLIN) 36935
245 ## - TITLE STATEMENT
Title Military engineering Vol xiv
Remainder of title Reinforced concrete design
Statement of responsibility, etc. Her Majesty 's Stationary Office
260 ## - PUBLICATION, DISTRIBUTION, ETC.
Place of publication, distribution, etc. London :
Name of publisher, distributor, etc. Her Majesty 's Stationary Office,
Date of publication, distribution, etc. 1964.
300 ## - PHYSICAL DESCRIPTION
Extent xvi, 332 p. :
526 ## - STUDY PROGRAM INFORMATION NOTE
Program name 0
Interest level 0
Reading level 0
Title point value 624_183410000000000_MIL
650 ## - SUBJECT ADDED ENTRY--TOPICAL TERM
Topical term or geographic name entry element MCE
9 (RLIN) 379
942 ## - ADDED ENTRY ELEMENTS (KOHA)
Source of classification or shelving scheme
Koha item type Book
Holdings
Withdrawn status Lost status Source of classification or shelving scheme Damaged status Not for loan Permanent Location Current Location Date acquired Total Checkouts Full call number Barcode Date last seen Price effective from Koha item type
          Military College of Engineering (MCE) Military College of Engineering (MCE) 07/01/2014   624.18341 MIL MCE-3062/1 07/01/2014 03/14/2021 Book
© 2023 Central Library, National University of Sciences and Technology. All Rights Reserved.